| 000 | 00425 a2200133 4500 | ||
|---|---|---|---|
| 001 | 91972 | ||
| 082 | _aPR 1754 | ||
| 090 |
_c43924 _d43923 |
||
| 100 | _aFarrukh Parvez; Omair uddin and Asad Habib Khan; Prof Kashif Butt, Advisor | ||
| 245 |
_aDesign Fabrication and Testing of RF/Microwave Power Amplifiers (0.8 to 2.1 GHZ) _n66 "B" EC |
||
| 260 |
_aRawalpindi _bNUST _c2009 |
||
| 300 | _a144p | ||
| 500 | _aBE Project Reports | ||
| 942 |
_aCAE NUST _kPR 1754 |
||
| 999 |
_c327045 _d327045 |
||